00723nam a2200217Ia 4500003000900000008004100009020001800050040001600068080002300084245007800107260003500185300001500220650002000235650002600255650001900281700002300300700003300323942000700356999001500363952012700378IN-BaIIA211028s9999 xx 000 0 eng d a0-12-012109-3 cIIA Library a047.1:681.3bADV-9 0aAdvances in computersbvol. 9cedited by Franz L. Alt and Morris Rubinoff aNew YorkbAcademic Pressc1968 axiv, 366p. aComputers92283 aData processing94335 aNASA Thesaurus aAlt, Franz L., ed. aRubinoff, Morris., ed.94824 cBK c4019d4019 00104070aBANbBANcGENd1972-10-18g116.25l0o047.1:681.3/ ADV-9p4488r2021-11-05v116.25w1972-10-18yBKGRs. 116.25